K svojmu novému športu sa dostala z núdze o sneh

Bibliographic Details
Format: Article
Language:Slovak
PhysicalDescription:Fotogr.
ISSN:1210-2423
Subjects:

MARC

LEADER 00000nab a2200000 ar4500
001 vtls010197796
003 SK-MaSNL
005 20260303203808.0
008 180907c2010 xo wr|p|||||||000 b|slo
038 |a PPPK 
040 |a PPPKCL  |b slo  |c PPPKCL  |e AACR2 
041 0 |a slo 
044 |a xo  |c SK 
080 |a 796.525  |x (737.6-17)  |2 2001 
080 |a 929 Šucová, Zuzana  |2 2001 
245 0 0 |a K svojmu novému športu sa dostala z núdze o sneh  |c [text a foto] (bšl) 
300 |b Fotogr. 
600 1 7 |a Šucová, Zuzana  |2 pppkcl  |9 1087712 
650 0 7 |a skialpinizmus  |2 pppkcl  |9 24168 
651 7 |a Vysoké Tatry (Poľsko a Slovensko : pohorie)  |2 SNKPHgeo  |9 67729 
651 7 |a Nová Lesná (Slovensko)  |2 pppkcl  |9 54981 
655 7 |a rozhovory  |2 pppkcl  |9 31831 
700 1 |a Šucová, Zuzana  |4 ive  |9 1087712 
773 0 |t Podtatranské noviny  |g Roč. LI, č. 47 (2010), s. 8  |x 1210-2423 
852 |a PPPK  |b KIS3GCP 
999 |c 2187136  |d 2189066